=LDR 00000nam 2200000 4500 =001 INLIS000000000035688 =005 20201019094550 =035 ##$$a 0010-061300000035688 =008 201019################g##########0#ind## =041 ##$$a Ind =082 ##$$a 321.4 =090 ##$$a 321.4, Dil d =100 ##$$a Dahl, Robert A =245 1#$$a Dilema demokrasi pluralis : $b Antara otonomi dan kontrol /$c Robert A. Dahlan =260 ##$$a Jakarta :$b Rajawli,$c 1982 =300 ##$$a ix, 325 hlm. : $b ilus ; $c 20 x 14 cm. =650 #4$$a Demokrasi =850 ##$$a NBPNMAT =084 ##$$a 321.4 DAH d =250 ##$$a cet. 1 =990 ##$$a 11.767/pro-86 =990 ##$$a 11.766/pro-86